| 000 | 00339nam a2200109Ia 4500 | ||
|---|---|---|---|
| 008 | 171211s9999 xx 000 0 und d | ||
| 245 | _aGeography of Religion in Japan: Religious Space, Landscape, and Behavior | ||
| 245 | _cKeisuke Matsui | ||
| 260 | _c2014 | ||
| 650 | _xReligion | ||
| 856 | _uhttp://down.ebook777.com/062/9784431545491.pdf | ||
| 999 |
_c350522 _d350522 |
||